000 00405nam a2200157Ia 4500
008 210716s2011 xx 000 0 und d
020 _a9788184898392
041 _aeng
082 _a005.261 MILB
100 _aMills, Bruce.
245 _aTheoretical introduction to programming.
250 _a1
260 _aNew Delhi
_bSpringer
_c2011
300 _axi,358
650 _aProgramming Languages(005.13)
999 _c194380
_d194380